Un Maestro de la escenografía : Soler y Rovirosa / José Francés Soler y Rovirosa / José Francés
Descripción Física:
70 p., [1] f., [10] làm. ; 17 cm
MARC
| LEADER | 00000nam a2200000Ia 4500 | ||
|---|---|---|---|
| 001 | 647 | ||
| 003 | BGR | ||
| 005 | 20260324175214.0 | ||
| 008 | 160829s1928 xx 000 0 cat d | ||
| 080 | |a B-1-242 | ||
| 100 | |a Francés, José María |9 45236 | ||
| 245 | |a Un Maestro de la escenografía : |b Soler y Rovirosa / José Francés | ||
| 260 | |a Barcelona : |b Diputación Provincial de Barcelona, Instituto del Teatro, |c 1928 | ||
| 300 | |a 70 p., [1] f., [10] làm. ; |c 17 cm | ||
| 600 | 1 | 0 | |a Soler i Rovirosa, Francesc, |d 1836-1900 |9 35953 |
| 650 | |a Escenògrafs |x Catalunya |9 33292 | ||
| 710 | 1 | |a Institut del Teatre (Barcelona, Catalunya) |9 52662 | |
| 901 | |a Arxiu | ||
| 942 | |n 1 |2 udc |c MON | ||
| 952 | |0 0 |1 0 |4 0 |6 B1242 |7 1 |9 41499 |a Arxiu |b Arxiu |d 2016-12-01 |l 0 |o B-1-242 |p 647 |r 2016-12-01 00:00:00 |w 2016-12-01 |y ARXIU | ||
| 999 | |c 43307 |d 43307 | ||